000 00666cam a22002178i 4500
003 KenMUT
005 20250519125128.0
008 250310s2026 flu ob 001 0 eng
020 _a9781498788922
040 _cMUT
050 0 0 _aTJ 808
_b.K88 2019
100 1 _aKutscher, Charles F.
_eauthor
245 1 0 _aPrinciples of sustainable energy systems /
250 _a3rd edition.
260 _aBoca Raton, FL :
_bCRC Press,
_c2019
650 0 _aRenewable energy sources
650 0 _aElectric power production
700 1 _aMilford, Jana B.
_eauthor
700 1 _aKreith, Frank
_eauthor
942 _2lcc
_cBK
_n0
999 _c22803
_d22803